[Event "DOM-ch"]
[Site "Santo Domingo"]
[Date "2022.02.25"]
[Round "5"]
[White "Reyes Perez, Eury Luis"]
[Black "Mejia, Juan Alberto"]
[Result "1-0"]
[WhiteElo "1942"]
[BlackElo "1847"]
[PlyCount "73"]
[EventDate "2022.02.18"]
[EventType "swiss"]
[EventRounds "11"]
[EventCountry "DOM"]
[SourceTitle "EXT 2023"]
[Source "ChessBase"]
[SourceDate "2022.10.05"]
[SourceVersion "1"]
[SourceVersionDate "2022.10.05"]
[SourceQuality "1"]

1. e4 c5 2. c3 d5 3. exd5 Qxd5 4. d4 e6 5. Nf3 Nf6 6. Na3 cxd4 7. Nb5 Qd8 8. Nbxd4 Be7 9. Bd3 0-0 10. Qe2 Nbd7 11. Bg5 Nc5 12. Bc2 a6 13. 0-0-0 Qc7 14. Kb1 b5 15. Rhe1 Bb7 16. Nf5 exf5 17. Qxe7 Qxe7 18. Rxe7 Rfe8 19. Bxf6 gxf6 20. Rxe8+ Rxe8 21. Nd4 Be4 22. f3 Bxc2+ 23. Kxc2 Re5 24. Nc6 Re6 25. Rd8+ Kg7 26. Nd4 Re5 27. Ra8 f4 28. b4 Nd7 29. Rxa6 Rg5 30. g4 fxg3 31. hxg3 Kg6 32. Rd6 Nf8 33. g4 h5 34. gxh5+ Rxh5 35. Rb6 Nd7 36. Rxb5 Ne5 37. a4 1-0

[Event "DOM-ch"]
[Site "Santo Domingo"]
[Date "2019.04.27"]
[Round "3"]
[White "Barjan Pinedo, Jose Antonio"]
[Black "Mejia, Juan Alberto"]
[Result "1/2-1/2"]
[WhiteElo "2081"]
[BlackElo "1837"]
[PlyCount "85"]
[EventDate "2019.04.26"]
[EventType "swiss"]
[EventRounds "11"]
[EventCountry "DOM"]
[SourceTitle "CBM 190 Extra"]
[Source "ChessBase"]
[SourceDate "2019.07.15"]
[SourceVersion "1"]
[SourceVersionDate "2019.07.15"]
[SourceQuality "1"]

1. e4 c5 2. Nf3 Nc6 3. d4 cxd4 4. Nxd4 g6 5. c4 Nf6 6. Nc3 d6 7. Be2 Nxd4 8. Qxd4 Bg7 9. Be3 0-0 10. Qd2 Be6 11. 0-0 Qa5 12. f3 Rfc8 13. b3 a6 14. Na4 Qxd2 15. Bxd2 Nd7 16. Rac1 Rc6 17. f4 Nc5 18. Nxc5 Bd4+ 19. Kh1 dxc5 20. Bf3 Rc7 21. Ba5 Rcc8 22. e5 Rab8 23. Bb6 Re8 24. Rcd1 h5 25. Rfe1 Kg7 26. a4 f6 27. exf6+ exf6 28. Re2 Bg4 29. Bxg4 hxg4 30. Rde1 Rxe2 31. Rxe2 Kf7 32. g3 Rc8 33. Kg2 Rc6 34. a5 Re6 35. Rxe6 Kxe6 36. b4 Kd6 37. b5 f5 38. h3 Be3 39. h4 Bd4 40. Kf1 Bc3 41. Ke2 Bf6 42. Kd3 Bd4 43. Ke2 1/2-1/2

[Event "Santo Domingo De La Madre op"]
[Site "Santo Domingo"]
[Date "2018.05.19"]
[Round "2"]
[White "Mejia, Juan Alberto"]
[Black "Taveras Veras, Felix Miguel"]
[Result "1-0"]
[WhiteElo "1867"]
[BlackElo "1669"]
[PlyCount "73"]
[EventDate "2018.05.18"]
[EventType "swiss"]
[EventRounds "8"]
[EventCountry "DOM"]
[SourceTitle "CBM 184 Extra"]
[Source "ChessBase"]
[SourceDate "2018.06.28"]
[SourceVersion "1"]
[SourceVersionDate "2018.06.28"]
[SourceQuality "1"]

1. e4 d6 2. d4 Nf6 3. Bd3 g6 4. Nc3 Bg7 5. f3 0-0 6. Be3 e5 7. d5 Nbd7 8. Qd2 Nc5 9. g4 Nxd3+ 10. cxd3 c5 11. Nge2 a6 12. h4 h5 13. gxh5 Nxh5 14. 0-0-0 f5 15. Bg5 Qc7 16. Rdg1 f4 17. Kb1 b5 18. Rc1 b4 19. Nd1 a5 20. Nf2 Ba6 21. Ng4 a4 22. Bh6 b3 23. a3 Qb6 24. Bxg7 Kxg7 25. Rhg1 Rac8 26. Nc3 Qd8 27. Nf2 Rh8 28. Nh3 Ng3 29. Nxf4 exf4 30. Qxf4 Bxd3+ 31. Ka1 Nxe4 32. fxe4 Qc7 33. Qg3 c4 34. Qxg6+ Kf8 35. Rg5 Qh7 36. Qxd6+ Ke8 37. Rcg1 1-0

[Event "Santo Domingo Guzman Cup"]
[Site "Santo Domingo"]
[Date "2017.10.20"]
[Round "1"]
[White "Crispin Ferreras, Darvi Abraham"]
[Black "Mejia, Juan Alberto"]
[Result "1-0"]
[WhiteElo "2183"]
[BlackElo "1859"]
[PlyCount "87"]
[EventDate "2017.10.20"]
[EventType "swiss"]
[EventRounds "8"]
[EventCountry "DOM"]
[SourceTitle "CBM 181 Extra"]
[Source "ChessBase"]
[SourceDate "2017.12.12"]
[SourceVersion "1"]
[SourceVersionDate "2017.12.12"]
[SourceQuality "1"]

1. e4 c5 2. Nf3 g6 3. d4 cxd4 4. Qxd4 Nf6 5. e5 Nc6 6. Qa4 Nd5 7. Qe4 Nb6 8. Nc3 d5 9. exd6 Bf5 10. Qf4 Qxd6 11. Nb5 Qxf4 12. Bxf4 0-0-0 13. c3 Nd5 14. Bd2 e5 15. Ng5 Rd7 16. Bc4 Be6 17. Nxe6 fxe6 18. g3 Bc5 19. b4 Bb6 20. Rf1 a6 21. Na3 Rf8 22. Nc2 Kb8 23. Ne3 e4 24. Be2 Nxe3 25. Bxe3 Bxe3 26. fxe3 Rxf1+ 27. Bxf1 Ne5 28. Be2 Kc7 29. Rd1 Rxd1+ 30. Kxd1 Kd6 31. Kc2 g5 32. h3 Kd5 33. Kb3 b5 34. a3 Nd3 35. Bh5 Kc6 36. c4 Ne5 37. Be2 Nd3 38. cxb5+ axb5 39. Bxd3 exd3 40. Kc3 Kd5 41. Kxd3 e5 42. e4+ Kd6 43. Kc3 h5 44. Kb3 1-0

[Event "Santo Domingo U2000 op"]
[Site "Santo Domingo"]
[Date "2017.06.09"]
[Round "5"]
[White "Mejia, Juan Alberto"]
[Black "Castillo Pena, Patricia Evarista"]
[Result "0-1"]
[WhiteElo "1899"]
[BlackElo "1768"]
[PlyCount "42"]
[EventDate "2017.06.02"]
[EventType "swiss"]
[EventRounds "8"]
[EventCountry "DOM"]
[SourceTitle "CBM 178 Extra"]
[Source "ChessBase"]
[SourceDate "2017.06.22"]
[SourceVersion "1"]
[SourceVersionDate "2017.06.22"]
[SourceQuality "1"]

1. e4 d5 2. exd5 Qxd5 3. Nc3 Qd6 4. d4 Nf6 5. Nf3 c6 6. Bc4 Be6 7. Qe2 Bxc4 8. Qxc4 Nbd7 9. Bg5 e6 10. 0-0-0 Be7 11. Ne5 Nxe5 12. dxe5 Qxe5 13. Bf4 Qa5 14. Rhe1 0-0 15. Re5 Qb4 16. Qxb4 Bxb4 17. Ne4 Be7 18. Nd6 Nd5 19. Re4 Nxf4 20. Rxf4 Bg5 21. g3 e5 0-1

[Event "DOM-ch"]
[Site "Santo Domingo"]
[Date "2017.05.06"]
[Round "10"]
[White "Reynoso Henriquez, Juan Bautista"]
[Black "Mejia, Juan Alberto"]
[Result "1-0"]
[WhiteElo "2063"]
[BlackElo "1875"]
[PlyCount "63"]
[EventDate "2017.04.21"]
[EventType "swiss"]
[EventRounds "11"]
[EventCountry "DOM"]
[SourceTitle "CBM 178 Extra"]
[Source "ChessBase"]
[SourceDate "2017.06.22"]
[SourceVersion "1"]
[SourceVersionDate "2017.06.22"]
[SourceQuality "1"]

1. e4 e6 2. d4 d5 3. Nd2 c5 4. exd5 Qxd5 5. Ngf3 cxd4 6. Bc4 Qc5 7. 0-0 Nf6 8. Qe2 Nc6 9. Nb3 Qh5 10. Rd1 Be7 11. Nbxd4 Nxd4 12. Rxd4 h6 13. Bb5+ Kf8 14. Bf4 a6 15. Bc4 b5 16. Bb3 Bb7 17. Rad1 Bc5 18. Bd6+ Bxd6 19. Rxd6 Bd5 20. Bxd5 Nxd5 21. c4 bxc4 22. Qxc4 a5 23. Rd7 g5 24. Re1 Nf6 25. Qd4 e5 26. Qxe5 Kg7 27. Rd6 Qg6 28. Qd4 Rhe8 29. Rd1 Re4 30. Rxf6 Rxd4 31. Rxg6+ Kxg6 32. Nxd4 1-0

[Event "DOM-ch"]
[Site "Santo Domingo"]
[Date "2017.04.30"]
[Round "8"]
[White "Mejia, Juan Alberto"]
[Black "Jimenez Jimenez, Leandro"]
[Result "1-0"]
[WhiteElo "1875"]
[BlackElo "1974"]
[PlyCount "93"]
[EventDate "2017.04.21"]
[EventType "swiss"]
[EventRounds "11"]
[EventCountry "DOM"]
[SourceTitle "CBM 178 Extra"]
[Source "ChessBase"]
[SourceDate "2017.06.22"]
[SourceVersion "1"]
[SourceVersionDate "2017.06.22"]
[SourceQuality "1"]

1. e4 e5 2. Nf3 Nc6 3. Bb5 a6 4. Ba4 Nf6 5. d3 b5 6. Bb3 d6 7. h3 Na5 8. Nc3 Nxb3 9. axb3 Bb7 10. 0-0 Be7 11. Be3 0-0 12. Qd2 Ne8 13. d4 f5 14. exf5 Bxf3 15. gxf3 Rxf5 16. f4 exd4 17. Bxd4 Nf6 18. Qe3 Kh8 19. Rae1 Bf8 20. Qf3 Rc8 21. Re6 Nh5 22. Ne2 c5 23. Bc3 b4 24. Bd2 Qd7 25. Re4 Nf6 26. Re3 Rd5 27. Rd3 Rxd3 28. Qxd3 Re8 29. Kh2 Ne4 30. Be3 a5 31. Ng3 d5 32. Nxe4 Rxe4 33. Rd1 Re6 34. Qxd5 Qc8 35. Bxc5 Rh6 36. f5 Rf6 37. Bxf8 Rxf8 38. Rd2 Qb8+ 39. Qd6 Qc8 40. Rd5 h6 41. Rc5 Qa8 42. Qd5 Qb8+ 43. Qe5 Qb6 44. Kg3 Ra8 45. Rc7 Rg8 46. Re7 Qc6 47. Re6 1-0

[Event "DOM-ch"]
[Site "Santo Domingo"]
[Date "2017.04.23"]
[Round "4"]
[White "Mejia, Juan Alberto"]
[Black "Arvelo Leo, Gian Carlo"]
[Result "0-1"]
[WhiteElo "1875"]
[BlackElo "2174"]
[PlyCount "104"]
[EventDate "2017.04.21"]
[EventType "swiss"]
[EventRounds "11"]
[EventCountry "DOM"]
[SourceTitle "CBM 178 Extra"]
[Source "ChessBase"]
[SourceDate "2017.06.22"]
[SourceVersion "1"]
[SourceVersionDate "2017.06.22"]
[SourceQuality "1"]

1. d4 Nf6 2. Nf3 g6 3. Bg5 Bg7 4. e3 c5 5. c3 0-0 6. Bd3 d6 7. 0-0 Nc6 8. Nbd2 b6 9. Qe2 Bb7 10. Ba6 Qc8 11. Bxb7 Qxb7 12. h3 Rac8 13. Rfd1 Rfe8 14. Qd3 Nd7 15. a4 Rc7 16. Rdb1 a6 17. Bh4 cxd4 18. exd4 d5 19. Bg3 Rcc8 20. Re1 b5 21. axb5 axb5 22. Ne5 Ncxe5 23. Bxe5 Nxe5 24. dxe5 e6 25. Ra5 Rb8 26. Nf3 b4 27. Nd4 bxc3 28. bxc3 Qc7 29. Ra6 Rb6 30. Rxb6 Qxb6 31. Rb1 Qc7 32. f4 Bh6 33. Qf3 Rc8 34. Rb3 Qa5 35. Kh2 Qa2 36. Kg3 Qd2 37. h4 Qe1+ 38. Kh3 Ra8 39. Rb2 Qc1 40. Rf2 Ra3 41. Ne2 Qd2 42. g3 Bf8 43. Rg2 d4 44. Nxd4 Qxd4 45. cxd4 Rxf3 46. Rd2 Bb4 47. Rd1 Re3 48. Rg1 Bc3 49. Kg4 h5+ 50. Kg5 Bb4 51. Kf6 Kf8 52. Kg5 Kg7 0-1

[Event "Santo Domingo Duarte Memorial 6th"]
[Site "Santo Domingo"]
[Date "2017.02.04"]
[Round "6"]
[White "Mejia, Juan Alberto"]
[Black "Mendez, Ruddy Antonio"]
[Result "1-0"]
[WhiteElo "1859"]
[BlackElo "2118"]
[PlyCount "87"]
[EventDate "2017.01.27"]
[EventType "swiss"]
[EventRounds "8"]
[EventCountry "DOM"]
[SourceTitle "CBM 176 Extra"]
[Source "ChessBase"]
[SourceDate "2017.03.02"]
[SourceVersion "1"]
[SourceVersionDate "2017.03.02"]
[SourceQuality "1"]

1. e4 e5 2. Nf3 Nc6 3. Bb5 a6 4. Ba4 Nge7 5. 0-0 g6 6. c3 Bg7 7. d4 b5 8. Bb3 exd4 9. cxd4 0-0 10. Nc3 Bb7 11. Bg5 h6 12. Be3 Na5 13. Bc2 Nc4 14. Bc1 d6 15. b3 Nb6 16. Be3 Kh7 17. Qd2 Rc8 18. Rac1 c5 19. Bb1 c4 20. Ne2 d5 21. e5 Nc6 22. Nf4 b4 23. e6 c3 24. Qd3 f5 25. g4 a5 26. gxf5 gxf5 27. Kh1 Rc7 28. Rg1 Nc8 29. Ng6 Rf6 30. Nfh4 N8e7 31. Nf4 Bh8 32. Rg3 Bc8 33. Rcg1 Qd6 34. Nh5 Qxe6 35. Nxf6+ Bxf6 36. Nf3 Nd8 37. Bxh6 Ba6 38. Bf4 Bh4 39. Ng5+ Bxg5 40. Rxg5 Qh6 41. Qg3 Ne6 42. Rxf5 Nxf4 43. Rxf4+ Ng6 44. Rh4 1-0

[Event "Santo Domingo Duarte Memorial 6th"]
[Site "Santo Domingo"]
[Date "2017.01.27"]
[Round "1"]
[White "Lopez Feliz, Bernardo"]
[Black "Mejia, Juan Alberto"]
[Result "0-1"]
[WhiteElo "1334"]
[BlackElo "1859"]
[PlyCount "56"]
[EventDate "2017.01.27"]
[EventType "swiss"]
[EventRounds "8"]
[EventCountry "DOM"]
[SourceTitle "CBM 176 Extra"]
[Source "ChessBase"]
[SourceDate "2017.03.02"]
[SourceVersion "1"]
[SourceVersionDate "2017.03.02"]
[SourceQuality "1"]

1. e4 c5 2. Bc4 e6 3. f4 a6 4. Bf1 b5 5. d3 Bb7 6. g3 Nf6 7. Bg2 Qc7 8. Qf3 Nc6 9. Bd2 Nd4 10. Qd1 d6 11. c3 Nc6 12. g4 Be7 13. g5 Nd7 14. Nf3 Nb6 15. Qe2 0-0-0 16. Na3 d5 17. 0-0-0 d4 18. e5 dxc3 19. Bxc3 b4 20. Bxb4 cxb4 21. Nc2 Nd5 22. Qe4 Kb8 23. Nfd4 Nxd4 24. Qxd4 Nc3 25. Qe3 Nxd1 26. Kxd1 Bxg2 27. Rg1 Bb7 28. Ke2 Qxc2+ 0-1

[Event "Santo Domingo Inmortales op"]
[Site "Santo Domingo"]
[Date "2016.11.26"]
[Round "6"]
[White "Mejia, Juan Alberto"]
[Black "Araujo Sanchez, Josue"]
[Result "0-1"]
[WhiteElo "1914"]
[BlackElo "1811"]
[PlyCount "66"]
[EventDate "2016.11.18"]
[EventType "swiss"]
[EventRounds "8"]
[EventCountry "DOM"]
[SourceTitle "EXT 2018"]
[Source "ChessBase"]
[SourceDate "2017.10.13"]
[SourceVersion "1"]
[SourceVersionDate "2017.10.13"]
[SourceQuality "1"]

1. Nf3 Nf6 2. d4 c5 3. e3 g6 4. b3 Bg7 5. Bb2 d6 6. Be2 0-0 7. 0-0 Bg4 8. Nh4 Bd7 9. Nd2 Nc6 10. c4 cxd4 11. exd4 Ne8 12. Nhf3 Qb6 13. Ne4 Bg4 14. c5 Qc7 15. h3 Bf5 16. Ng3 dxc5 17. Nxf5 gxf5 18. Qc2 cxd4 19. Qxf5 Nd6 20. Qg4 e5 21. Rac1 f5 22. Qh5 Qf7 23. Qxf7+ Rxf7 24. Ba3 Rd7 25. Rfd1 Rad8 26. Ng5 Bf6 27. Ne6 Re8 28. Bxd6 Rxd6 29. Nc7 Re7 30. Bc4+ Kg7 31. Nd5 Red7 32. Nxf6 Kxf6 33. Bb5 e4 0-1

[Event "Santo Domingo Autumn op"]
[Site "Santo Domingo"]
[Date "2016.10.07"]
[Round "8"]
[White "Mejia, Juan Alberto"]
[Black "Castillo Pena, Patricia Evarista"]
[Result "1-0"]
[WhiteElo "1927"]
[BlackElo "1728"]
[PlyCount "59"]
[EventDate "2016.10.07"]
[EventType "swiss"]
[EventRounds "8"]
[EventCountry "DOM"]
[SourceTitle "CBM 175 Extra"]
[Source "ChessBase"]
[SourceDate "2016.12.12"]
[SourceVersion "1"]
[SourceVersionDate "2016.12.12"]
[SourceQuality "1"]

1. e4 c5 2. Nf3 d6 3. Bb5+ Nd7 4. a4 Ngf6 5. Qe2 g6 6. 0-0 Bg7 7. c3 0-0 8. d4 cxd4 9. cxd4 a6 10. Bc4 Nb6 11. Bb3 Bd7 12. Nc3 Rc8 13. a5 Na8 14. Rd1 Nc7 15. e5 Nfe8 16. Bg5 h6 17. exd6 Nxd6 18. Bxe7 Qe8 19. Bxd6 Qxe2 20. Nxe2 Rfe8 21. Nf4 Ne6 22. Nd5 Rcd8 23. Be5 Bc6 24. Nf6+ Bxf6 25. Bxf6 Rd6 26. Be5 Bxf3 27. gxf3 Rdd8 28. f4 Ng7 29. d5 Nf5 30. d6 1-0

[Event "Santo Domingo Gesta Catorce op"]
[Site "Santo Domingo"]
[Date "2016.06.25"]
[Round "3"]
[White "Mejia, Juan Alberto"]
[Black "De Los Santos Nunez, Eddy"]
[Result "0-1"]
[WhiteElo "1932"]
[BlackElo "2104"]
[PlyCount "126"]
[EventDate "2016.06.24"]
[EventType "swiss"]
[EventRounds "8"]
[EventCountry "DOM"]
[SourceTitle "EXT 2017"]
[Source "ChessBase"]
[SourceDate "2016.10.25"]
[SourceVersion "1"]
[SourceVersionDate "2016.10.25"]
[SourceQuality "1"]

1. Nf3 Nf6 2. b3 d6 3. d4 g6 4. Bb2 Bg7 5. e3 0-0 6. Be2 Nbd7 7. 0-0 c5 8. c4 cxd4 9. exd4 Ne4 10. Nfd2 Ndc5 11. Nxe4 Nxe4 12. Bf3 Ng5 13. Be2 Qb6 14. Na3 a5 15. Nc2 a4 16. b4 Bf5 17. Bd3 Bxd3 18. Qxd3 Ne6 19. a3 Rac8 20. f4 Bh6 21. g3 Bg7 22. Rac1 Rfe8 23. Ba1 f5 24. c5 dxc5 25. dxc5 Rcd8 26. Qe3 Qc6 27. Bxg7 Nxg7 28. Rcd1 Kf7 29. Rd3 Ne6 30. Rfd1 Rxd3 31. Rxd3 Rd8 32. Rxd8 Nxd8 33. Nd4 Qd5 34. Nf3 Ne6 35. Ne5+ Ke8 36. Nf3 Kd7 37. Kf2 Qa2+ 38. Qe2 Qxe2+ 39. Kxe2 Kc6 40. Kd3 Kd5 41. Ne5 g5 42. Nc4 gxf4 43. Nb6+ Kc6 44. Nxa4 f3 45. Ke3 Nd4 46. Nc3 e5 47. a4 Nc2+ 48. Kxf3 Nxb4 49. g4 fxg4+ 50. Kxg4 Kxc5 51. Kf5 Nc6 52. h4 Kc4 53. Ne4 Kd4 54. Nd6 b6 55. Nb5+ Kc5 56. Nc3 Kc4 57. Nb5 Kb4 58. Nd6 Kxa4 59. h5 b5 60. h6 b4 61. Kf6 b3 62. Nc4 Kb4 63. Nb2 e4 0-1

[Event "DOM-ch"]
[Site "Santo Domingo"]
[Date "2016.04.09"]
[Round "6"]
[White "Arias Diaz, Ernesto Antonio"]
[Black "Mejia, Juan Alberto"]
[Result "1/2-1/2"]
[WhiteElo "1873"]
[BlackElo "1929"]
[PlyCount "117"]
[EventDate "2016.04.01"]
[EventType "swiss"]
[EventRounds "11"]
[EventCountry "DOM"]
[SourceTitle "CBM 171 Extra"]
[Source "ChessBase"]
[SourceDate "2016.04.26"]
[SourceVersion "1"]
[SourceVersionDate "2016.04.26"]
[SourceQuality "1"]

1. Nf3 c5 2. c4 g6 3. Nc3 Nc6 4. a3 Bg7 5. e3 Nf6 6. Be2 0-0 7. 0-0 d5 8. d4 cxd4 9. exd4 dxc4 10. Bxc4 Bg4 11. Be3 e6 12. Be2 Nd5 13. Nxd5 Qxd5 14. h3 Bf5 15. Rc1 Rfd8 16. Bc4 Qd6 17. Qe2 Nxd4 18. Bxd4 Bxd4 19. Rfd1 e5 20. Rd2 Be6 21. Rcd1 Bxc4 22. Qxc4 Rac8 23. Qa4 Qb6 24. Nxd4 exd4 25. Rxd4 Rxd4 26. Qxd4 Qxd4 27. Rxd4 Rc2 28. Rb4 b6 29. g4 h6 30. Kg2 Kf8 31. Kg3 Ke7 32. h4 Kd6 33. f3 Kd5 34. b3 Rc3 35. a4 Rc6 36. Rf4 f6 37. Rb4 a5 38. Rb5+ Kd4 39. Kf4 Re6 40. g5 hxg5+ 41. hxg5 f5 42. b4 axb4 43. Rxb4+ Kc3 44. Rb5 Kc4 45. Rxf5 gxf5 46. Kxf5 Re1 47. g6 Kb4 48. g7 Rg1 49. Kf6 Kxa4 50. Kf7 b5 51. f4 b4 52. f5 b3 53. f6 b2 54. g8Q Rxg8 55. Kxg8 b1Q 56. f7 Qg6+ 57. Kh8 Qh6+ 58. Kg8 Qe6 59. Kh8 1/2-1/2